000 00738nam a22002537a 4500
001 BR2800021
003 BR-BrBNA
005 20230928082837.0
007 ta
008 230509b bl.||||| |||| 00| 0 por d
040 _aBR-BrBNA
_bpor
_cBiblioteca Nacional de Agricultura
041 _a(Por)
072 _aE15
_b/G514
090 _ E15 BR2800021
100 1 _aBritto, J.S.
245 1 _aNota sobre a campanha artificiosa do voto plural na sociedade cooperativa [Brasil]
260 3 _aRio de Janeiro, GB (Brasil):
_c1928.
300 _a8 p.
500 _a(*) Documento disponível no(a) INCRA, Brasilia, DF (Brazil)
650 _aMicroeconomia
650 _aCooperativa
909 _a202309
_bLucia
_c55
_dLucia Elande
942 _cBK
999 _c10224
_d10224